000 00579nam a2200205Ia 4500
005 20250508165339.0
008 008 250505s9999 xx 000 0 eng d
020 _a978-07456-4832-3
037 _aTextual
040 _aFEDL
_beng
_cFEDL
041 _aeng
_2eng
084 _a370.150 7, DAS
_qFEDL
100 _aDash B N
_9780570
245 0 _aPsychology of teaching learning process
260 _aNew Delhi, India
_bDominant Publishers
_c2014
300 _a25.12p.
365 _aINR
_b1250
942 _cTEXL
_h370.150 7, DAS
999 _c1394597
_d1394597